[Event "Sao Bento do Sul op 08"]
[Site "Sao Bento do Sul"]
[Date "2017.08.19"]
[Round "4"]
[White "Hille, Waltercler Jr"]
[Black "Couto, Mauricio Souza"]
[Result "0-1"]
[WhiteElo "1891"]
[BlackElo "1706"]
[PlyCount "88"]
[EventDate "2017.08.18"]
[EventType "swiss"]
[EventRounds "6"]
[EventCountry "BRA"]
[SourceTitle "EXT 2019"]
[Source "ChessBase"]
[SourceDate "2018.10.10"]
[SourceVersion "1"]
[SourceVersionDate "2018.10.10"]
[SourceQuality "1"]

1. d4 Nf6 2. c4 c5 3. d5 e6 4. Nc3 exd5 5. cxd5 d6 6. e4 g6 7. Bd3 Bg7 8. h3 0-0 9. Nf3 Re8 10. 0-0 a6 11. a4 Nbd7 12. Bf4 Nh5 13. Bh2 Qc7 14. Re1 Ne5 15. Nxe5 Bxe5 16. Bxe5 Rxe5 17. Qd2 Bd7 18. f4 Re7 19. Re2 c4 20. Bc2 Rae8 21. Kh2 Qb6 22. Rae1 Qxb2 23. Rb1 Qa3 24. Rxb7 Qc5 25. g4 Nf6 26. e5 dxe5 27. g5 Nh5 28. d6 Qc8 29. Rc7 Qd8 30. Nd5 Re6 31. f5 gxf5 32. Bxf5 Rxd6 33. Nf6+ Qxf6 34. gxf6 Rxd2 35. Bxh7+ Kxh7 36. Rxd2 Bxa4 37. Rg2 Rf8 38. Rxc4 Bd1 39. Rh4 Rg8 40. Rd2 Bf3 41. Ra2 e4 42. Rf2 Kg6 43. Rf1 Rc8 44. Kg1 Kg5 0-1

[Event "Sao Bento do Sul op 08"]
[Site "Sao Bento do Sul"]
[Date "2017.08.19"]
[Round "2"]
[White "Hille, Waltercler Jr"]
[Black "Niehues, Luiz Cesar"]
[Result "0-1"]
[WhiteElo "1891"]
[BlackElo "1616"]
[PlyCount "96"]
[EventDate "2017.08.18"]
[EventType "swiss"]
[EventRounds "6"]
[EventCountry "BRA"]
[SourceTitle "EXT 2019"]
[Source "ChessBase"]
[SourceDate "2018.10.10"]
[SourceVersion "1"]
[SourceVersionDate "2018.10.10"]
[SourceQuality "1"]

1. d4 d5 2. c4 c6 3. Nc3 Nf6 4. Nf3 e6 5. Bg5 Be7 6. e3 Nbd7 7. Qc2 h6 8. Bh4 Nh5 9. Bxe7 Qxe7 10. cxd5 exd5 11. Bd3 Nhf6 12. 0-0 0-0 13. Rab1 Re8 14. b4 a6 15. a4 b5 16. Nd2 Nb6 17. Nb3 Nc4 18. Bxc4 dxc4 19. Nc5 Be6 20. e4 Ra7 21. Rbd1 Nd7 22. f3 Nxc5 23. dxc5 Rd7 24. Rxd7 Qxd7 25. Rd1 Qc7 26. Qd2 Qe5 27. f4 Qf6 28. f5 Bc8 29. h3 Qe5 30. a5 Kh7 31. Qd4 Qg3 32. Rd2 Bxf5 33. Qf2 Qxf2+ 34. Rxf2 Bxe4 35. Rxf7 Bd3 36. Ra7 Re1+ 37. Kh2 Rc1 38. Nxb5 axb5 39. Rc7 Be4 40. Re7 Bd5 41. Re2 Ra1 42. Kg3 Ra4 43. h4 c3 44. Rc2 Rxb4 45. Rxc3 Ra4 46. h5 Rxa5 47. Kf4 Ra4+ 48. Ke5 Rh4 0-1

[Event "Florianopolis Winter U220 op"]
[Site "Florianopolis"]
[Date "2016.08.20"]
[Round "4"]
[White "De Carvalho, Christopher"]
[Black "Hille, Waltercler Jr"]
[Result "1/2-1/2"]
[WhiteElo "2053"]
[BlackElo "1876"]
[PlyCount "86"]
[EventDate "2016.08.19"]
[EventType "swiss"]
[EventRounds "7"]
[EventCountry "BRA"]
[SourceTitle "CBM 174 Extra"]
[Source "ChessBase"]
[SourceDate "2016.10.10"]
[SourceVersion "1"]
[SourceVersionDate "2016.10.10"]
[SourceQuality "1"]

1. d4 Nf6 2. Nf3 e6 3. c4 Bb4+ 4. Bd2 c5 5. Bxb4 cxb4 6. g3 b6 7. Bg2 Bb7 8. 0-0 a5 9. a3 Na6 10. Nbd2 0-0 11. Re1 d6 12. e4 Qc7 13. Nh4 e5 14. d5 Bc8 15. h3 g6 16. Qe2 Nh5 17. Kh2 Qd7 18. Qe3 bxa3 19. bxa3 Nc5 20. Rab1 Rb8 21. f4 f6 22. Nhf3 Kg7 23. fxe5 fxe5 24. Nb3 Qc7 25. Nxc5 bxc5 26. Qc3 Bd7 27. Nd2 h6 28. Nb3 Ra8 29. Nd2 Rab8 30. Rf1 Ba4 31. Bf3 Nf6 32. Rxb8 Rxb8 33. Bd1 Bd7 34. Bf3 Ba4 35. Rb1 Rxb1 36. Nxb1 Qb6 37. Nd2 Nh7 38. Bg4 Ng5 39. h4 Nh7 40. Be6 Nf8 41. Bh3 Nh7 42. Be6 Nf8 43. Bh3 Nh7 1/2-1/2

[Event "Florianopolis Winter U220 op"]
[Site "Florianopolis"]
[Date "2016.08.19"]
[Round "2"]
[White "Hille, Waltercler Jr"]
[Black "De Oliveira, Francemir Barra"]
[Result "1-0"]
[WhiteElo "1876"]
[BlackElo "1647"]
[PlyCount "45"]
[EventDate "2016.08.19"]
[EventType "swiss"]
[EventRounds "7"]
[EventCountry "BRA"]
[SourceTitle "CBM 174 Extra"]
[Source "ChessBase"]
[SourceDate "2016.10.10"]
[SourceVersion "1"]
[SourceVersionDate "2016.10.10"]
[SourceQuality "1"]

1. d4 b6 2. c4 e6 3. Nc3 Bb7 4. Nf3 Be7 5. Bf4 d6 6. e4 g5 7. Be3 g4 8. Nd2 h5 9. Be2 f5 10. d5 Qd7 11. Qc2 Na6 12. a3 0-0-0 13. 0-0-0 Rf8 14. f3 f4 15. Bf2 e5 16. Nb5 Kb8 17. b4 Rc8 18. Kb2 Nf6 19. Qd3 c6 20. dxc6 Rxc6 21. Rc1 Rhc8 22. Nc3 R6c7 23. Rhd1 1-0

[Event "Florianopolis op"]
[Site "Florianopolis"]
[Date "2015.01.16"]
[Round "6"]
[White "Hille, Waltercler Jr"]
[Black "Alboredo, Julia"]
[Result "0-1"]
[WhiteElo "1761"]
[BlackElo "1995"]
[PlyCount "103"]
[EventDate "2015.01.14"]
[EventType "swiss"]
[EventRounds "10"]
[EventCountry "BRA"]
[SourceTitle "CBM 164 Extra"]
[Source "ChessBase"]
[SourceDate "2015.03.02"]
[SourceVersion "1"]
[SourceVersionDate "2015.03.02"]
[SourceQuality "1"]

1. d4 d5 2. c4 e6 3. Nc3 c6 4. cxd5 exd5 5. Nf3 Nf6 6. Bg5 Be7 7. Qc2 g6 8. e3 Bf5 9. Bd3 Bxd3 10. Qxd3 Nbd7 11. 0-0 0-0 12. Rab1 a5 13. a3 Re8 14. b4 axb4 15. axb4 Ne4 16. Bxe7 Qxe7 17. Qc2 Ndf6 18. Nd2 Nxc3 19. Qxc3 Qd6 20. Rb3 Ra2 21. Ra3 Ra8 22. Rxa8+ Rxa8 23. Qb3 Nd7 24. Rc1 Ra6 25. Qc3 Rb6 26. Rb1 Rb5 27. Rb3 Nb8 28. e4 Na6 29. exd5 cxd5 30. Qc8+ Kg7 31. Rf3 Rxb4 32. g3 Qe6 33. Qd8 Rxd4 34. Nf1 Rd1 35. Kg2 d4 36. Ne3 Rd2 37. Nf5+ gxf5 38. Qg5+ Kf8 39. Qxd2 Qe4 40. Qh6+ Ke7 41. Qg7 Nc5 42. Qxh7 Nd3 43. Qh4+ Qxh4 44. gxh4 Ne1+ 45. Kg3 Nxf3 46. Kxf3 b5 47. Ke2 b4 48. Kd2 b3 49. Kc1 d3 50. f4 Kf6 51. h5 Kg7 52. h4 0-1

[Event "Catarinense-ch"]
[Site "Itajai"]
[Date "2014.01.??"]
[Round "2"]
[White "Hille, Waltercler Jr"]
[Black "Umetsubo, Cesar Hidemitsu"]
[Result "0-1"]
[WhiteElo "1703"]
[BlackElo "2348"]
[PlyCount "74"]
[EventDate "2014.01.30"]
[EventType "swiss"]
[EventRounds "7"]
[EventCountry "BRA"]
[SourceTitle "EXT 2022"]
[Source "ChessBase"]
[SourceDate "2021.10.06"]
[SourceVersion "1"]
[SourceVersionDate "2021.10.06"]
[SourceQuality "1"]

1. c4 d6 2. Nc3 e5 3. g3 Nc6 4. Bg2 g6 5. e3 Bg7 6. Nge2 Be6 7. Nd5 Qd7 8. 0-0 Nd8 9. e4 c6 10. Ne3 Bh3 11. f4 Nf6 12. d3 h5 13. f5 Bxg2 14. Nxg2 d5 15. Qc2 Nh7 16. Bd2 g5 17. h3 d4 18. b4 f6 19. a4 Nf8 20. Rfc1 g4 21. h4 Bh6 22. Bxh6 Rxh6 23. c5 a5 24. bxa5 Rh7 25. Qb3 Qf7 26. Qb4 Qc7 27. Rc4 Qxa5 28. Ne1 Qxb4 29. Rxb4 Nd7 30. Rc1 Ra5 31. Rbc4 b6 32. cxb6 Nxb6 33. Rb4 Nxa4 34. Ra1 Rha7 35. Nc2 Nc5 36. Rxa5 Rxa5 37. Ne1 Ra1 0-1

[Event "Forquilhinha op"]
[Site "Forquilhinha"]
[Date "2013.10.12"]
[Round "5"]
[White "Dos Santos, Haroldo Cunha Jr"]
[Black "Hille, Waltercler Jr"]
[Result "1-0"]
[WhiteElo "2238"]
[BlackElo "1658"]
[PlyCount "49"]
[EventDate "2013.10.10"]
[EventType "swiss"]
[EventRounds "7"]
[EventCountry "BRA"]
[SourceTitle "EXT 2014"]
[Source "ChessBase"]
[SourceDate "2013.11.20"]
[SourceVersion "1"]
[SourceVersionDate "2013.11.20"]
[SourceQuality "1"]

1. d4 Nf6 2. Nf3 e6 3. g3 d5 4. Bg2 Nbd7 5. 0-0 Bd6 6. c4 c6 7. Nc3 0-0 8. Qb3 Re8 9. Rd1 Qe7 10. h3 dxc4 11. Qxc4 e5 12. e4 exd4 13. Nxd4 Ne5 14. Qb3 Bc5 15. Be3 Bxd4 16. Bxd4 Be6 17. Qc2 Nc4 18. f4 Red8 19. Qf2 Nb6 20. a4 Bd7 21. a5 Nc8 22. Bc5 Qe8 23. e5 Nd5 24. Bxd5 cxd5 25. Nxd5 1-0

[Event "Forquilhinha op"]
[Site "Forquilhinha"]
[Date "2013.10.12"]
[Round "4"]
[White "Hille, Waltercler Jr"]
[Black "Pirola, Claudionor Alcides"]
[Result "1/2-1/2"]
[WhiteElo "1658"]
[BlackElo "2095"]
[PlyCount "99"]
[EventDate "2013.10.10"]
[EventType "swiss"]
[EventRounds "7"]
[EventCountry "BRA"]
[SourceTitle "EXT 2014"]
[Source "ChessBase"]
[SourceDate "2013.11.20"]
[SourceVersion "1"]
[SourceVersionDate "2013.11.20"]
[SourceQuality "1"]

1. d4 Nf6 2. c4 g6 3. Nc3 Bg7 4. e4 d6 5. f3 0-0 6. Be3 e5 7. Nge2 c6 8. Qd2 Nbd7 9. d5 Nb6 10. b3 cxd5 11. cxd5 Nbd7 12. g4 h5 13. h3 a6 14. Bg5 Qa5 15. Nd1 Qxd2+ 16. Kxd2 hxg4 17. hxg4 Nc5 18. Nec3 b5 19. b4 Ncd7 20. Nb2 Nb6 21. Be2 Bd7 22. a4 bxa4 23. Nbxa4 Nxa4 24. Nxa4 Rfb8 25. Rhb1 Bb5 26. Nc3 Bxe2 27. Kxe2 Ne8 28. Be3 Bf8 29. Ra4 Nc7 30. Rba1 Rb7 31. b5 Nxb5 32. Nxb5 Rxb5 33. Rxa6 Rxa6 34. Rxa6 Rb2+ 35. Kd3 Be7 36. Ra8+ Kg7 37. Re8 Rb7 38. Rc8 Rb3+ 39. Rc3 Rb7 40. Kc2 f5 41. gxf5 gxf5 42. Kd3 f4 43. Bd2 Kf7 44. Rc1 Ke8 45. Ba5 Kd7 46. Bd2 Bd8 47. Rc2 Rb8 48. Rc1 Rb3+ 49. Rc3 Rb7 50. Rc6 1/2-1/2

[Event "Blumenau Santa Catarina Cup"]
[Site "Blumenau"]
[Date "2013.02.10"]
[Round "5"]
[White "Bambino Filho, Antonio Carlos"]
[Black "Hille, Waltercler Jr"]
[Result "1-0"]
[WhiteElo "1793"]
[BlackElo "1677"]
[PlyCount "52"]
[EventDate "2013.02.08"]
[EventType "swiss"]
[EventRounds "6"]
[EventCountry "BRA"]
[SourceTitle "CBM 152 Extra"]
[Source "ChessBase"]
[SourceDate "2013.02.25"]
[SourceVersion "1"]
[SourceVersionDate "2013.02.25"]
[SourceQuality "1"]

1. c4 e5 2. Nc3 Nf6 3. g3 Nc6 4. Bg2 Bc5 5. d3 0-0 6. Nf3 d6 7. 0-0 h6 8. a3 a5 9. Nd2 Bd7 10. Nde4 Nxe4 11. Nxe4 Ba7 12. Bd2 f5 13. Nc3 Rb8 14. Nb5 Bc5 15. Nc3 Nd4 16. Rb1 c6 17. b4 axb4 18. axb4 Bb6 19. e3 Ne6 20. b5 Qf6 21. bxc6 bxc6 22. Na2 Qg6 23. Nb4 Rbc8 24. Nxc6 Bxc6 25. Rxb6 Bxg2 26. Kxg2 f4 1-0

[Event "Blumenau Santa Catarina Cup"]
[Site "Blumenau"]
[Date "2013.02.09"]
[Round "4"]
[White "De Oliveira, Bruna Caroline"]
[Black "Hille, Waltercler Jr"]
[Result "0-1"]
[WhiteElo "1894"]
[BlackElo "1677"]
[PlyCount "72"]
[EventDate "2013.02.08"]
[EventType "swiss"]
[EventRounds "6"]
[EventCountry "BRA"]
[SourceTitle "CBM 152 Extra"]
[Source "ChessBase"]
[SourceDate "2013.02.25"]
[SourceVersion "1"]
[SourceVersionDate "2013.02.25"]
[SourceQuality "1"]

1. d4 Nf6 2. Bf4 d5 3. e3 Bf5 4. Nf3 e6 5. h3 c5 6. c3 Qb6 7. Qb3 c4 8. Qxb6 axb6 9. Nbd2 Nc6 10. Nh4 Bg6 11. Nxg6 hxg6 12. Be2 b5 13. 0-0 b4 14. e4 b5 15. exd5 Nxd5 16. Bf3 Kd7 17. Bxd5 exd5 18. Nf3 f6 19. Rfe1 bxc3 20. bxc3 Ra3 21. Bd2 Bd6 22. Rab1 Rb8 23. Rb2 b4 24. Rc2 b3 25. axb3 cxb3 26. Rb2 Na5 27. Bc1 Nc4 28. Rb1 b2 29. Be3 Rba8 30. Nd2 Ra1 31. Nb3 Rxb1 32. Rxb1 Rb8 33. Nd2 Na3 34. Re1 b1Q 35. Nxb1 Rxb1 36. Rxb1 Nxb1 0-1

[Event "Blumenau Santa Catarina Cup"]
[Site "Blumenau"]
[Date "2013.02.09"]
[Round "3"]
[White "Hille, Waltercler Jr"]
[Black "De Borba, Gabriel"]
[Result "1-0"]
[WhiteElo "1677"]
[BlackElo "1815"]
[PlyCount "125"]
[EventDate "2013.02.08"]
[EventType "swiss"]
[EventRounds "6"]
[EventCountry "BRA"]
[SourceTitle "CBM 152 Extra"]
[Source "ChessBase"]
[SourceDate "2013.02.25"]
[SourceVersion "1"]
[SourceVersionDate "2013.02.25"]
[SourceQuality "1"]

1. d4 Nf6 2. c4 g6 3. Nc3 Bg7 4. e4 0-0 5. e5 Ne8 6. Nf3 d6 7. exd6 exd6 8. Be2 Nf6 9. 0-0 Bf5 10. Qb3 b6 11. d5 Na6 12. Qd1 Nc5 13. Nd4 Bd7 14. Bg5 Qc8 15. Bf3 Re8 16. Bxf6 Bxf6 17. b4 Nb7 18. Qd2 a5 19. a3 Qd8 20. Nc6 Qc8 21. Rae1 axb4 22. axb4 Bf5 23. Rxe8+ Qxe8 24. Re1 Qf8 25. Be4 Bxe4 26. Nxe4 Bg7 27. Qf4 Re8 28. Kf1 f5 29. Ng3 Rxe1+ 30. Kxe1 Nd8 31. Nxd8 Qxd8 32. Qe3 Be5 33. f4 Bf6 34. Qe6+ Kg7 35. Ne2 Qa8 36. Qe3 Qa1+ 37. Qc1 Qxc1+ 38. Nxc1 Bc3+ 39. Kd1 Bxb4 40. Nd3 Bc5 41. Kc2 Kf7 42. Kb3 Ke7 43. Ka4 Kd7 44. Kb5 Kd8 45. Kc6 Kc8 46. h3 h5 47. Ne1 Bf2 48. Nf3 Bg3 49. Nd4 Bxf4 50. Ne6 Be3 51. Nxc7 g5 52. Ne6 g4 53. Kxd6 f4 54. Ng5 f3 55. Nxf3 gxf3 56. gxf3 h4 57. Ke5 Kd7 58. f4 Bc5 59. Kf6 Bd6 60. f5 Be7+ 61. Kf7 Kd6 62. f6 Bd8 63. Kg7 1-0

[Event "BRA-ch U16"]
[Site "Sao Paulo"]
[Date "2012.04.28"]
[Round "1"]
[White "De Assis, Henrique Zerbini J"]
[Black "Hille, Waltercler Jr"]
[Result "0-1"]
[WhiteElo "1766"]
[BlackElo "1753"]
[PlyCount "42"]
[EventDate "2012.04.28"]
[EventType "swiss"]
[EventRounds "7"]
[EventCountry "BRA"]
[SourceTitle "CBM 148 Extra"]
[Source "ChessBase"]
[SourceDate "2012.06.22"]
[SourceVersion "1"]
[SourceVersionDate "2012.06.22"]
[SourceQuality "1"]

1. e4 e5 2. Nf3 Nc6 3. d4 f6 4. Bc4 d6 5. h3 Nce7 6. Nc3 Bd7 7. dxe5 dxe5 8. Nd5 Bc6 9. Nxe5 fxe5 10. Qh5+ Ng6 11. Bg5 Be7 12. Bxe7 N8xe7 13. f4 Bxd5 14. exd5 exf4 15. 0-0 Qd6 16. Bb5+ Kd8 17. Kh1 Qe5 18. Qg4 Qf5 19. d6 cxd6 20. Qf3 Qxb5 21. Rad1 Kd7 0-1